Villes du Pays-Basque - Statistiques

Statistiques générales
  • Ce quiz a été pris 593 fois
  • Le résultat moyen est 4 sur 10
Statistiques - réponses
Hint Réponse % Correct
8 Bayonne (52 006)
98%
1 Bilbao (353 173)
80%
4 Saint-Sébastien (187 849)
78%
3 Pampelune (203 418)
63%
7 Irun (62 635)
46%
2 Vitoria-Gasteiz (253 672)
43%
6 Getxo (76 365)
9%
5 Barakaldo (100 535)
8%
9 Portugalete (44 800)
5%
10 Santurtzi (45 749)
4%
Aucun quiz correspondant
Distribution des résultats
% des personnes avec chaque résultat
Percentile par nombre de réponses
Votre historique - résultats
Vous n’avez pas pris ce quiz